Demian (Record no. 9518)

MARC details
000 -CABECERA
campo de control de longitud fija 00769nam a2200241 a 4500
001 - NÚMERO DE CONTROL
campo de control BRL_706
005 - FECHA Y HORA DE LA ÚLTIMA TRANSACCIÓN
campo de control 20190320210848.0
008 - DATOS DE LONGITUD FIJA--INFORMACIÓN GENERAL
campo de control de longitud fija 270913s1952----mx-#######---#000-1#spa-#
041 ## - CÓDIGO DE LENGUA
Código de lengua del texto/banda sonora o título independiente spa
044 ## - CÓDIGO DEL PAÍS DE LA ENTIDAD EDITORA/PRODUCTORA
Código MARC del país mx
050 #4 - SIGNATURA TOPOGRÁFICA DE LA BIBLIOTECA DEL CONGRESO
Número de clasificación PT2617.E85
Número de documento/Ítem .H47 1952
100 1# - ENTRADA PRINCIPAL--NOMBRE DE PERSONA
Nombre de persona Hesse, Hermann
Fechas asociadas al nombre 1877-1962
9 (RLIN) 24696
245 10 - MENCIÓN DE TÍTULO
Título Demian
Resto del título historia de la juventud de Emilio Sinclair
Mención de responsabilidad, etc. Hermann Hesse ; traducción del alemán por Luis López Ballesteros y de Torres.
250 ## - MENCIÓN DE EDICIÓN
Mención de edición 3a ed.
260 ## - PUBLICACIÓN, DISTRIBUCIÓN, ETC.
Lugar de publicación, distribución, etc. México
Nombre del editor, distribuidor, etc. Cia. General de Ediciones, S.A. México
Fecha de publicación, distribución, etc. 1952
300 ## - DESCRIPCIÓN FÍSICA
Extensión 216 p.
Dimensiones 20 cm.
500 ## - NOTA GENERAL
Nota general Au769
500 ## - NOTA GENERAL
Nota general Ejemplar intonso.
650 14 - PUNTO DE ACCESO ADICIONAL DE MATERIA--TÉRMINO DE MATERIA
Término de materia o nombre geográfico como elemento de entrada Literatura Alemana
Subdivisión de forma Novela
9 (RLIN) 22844
700 1# - PUNTO DE ACCESO ADICIONAL--NOMBRE DE PERSONA
Nombre de persona López Ballesteros y de Torres, Luis
Término indicativo de función/relación tr.
9 (RLIN) 24697
902 ## - CATALOGADOR
Iniciales GRL
942 ## - ELEMENTOS DE PUNTO DE ACCESO ADICIONAL (KOHA)
Fuente del sistema de clasificación o colocación Library of Congress Classification
Tipo de ítem Koha Libros
Holdings
Estado de retiro Estado de pérdida Estado dañado No para préstamo Localización permanente Ubicación/localización actual Fecha de adquisición Número de inventario Total de préstamos Signatura topográfica completa Código de barras Fecha visto por última vez Precio válido a partir de Tipo de ítem Koha
El ejemplar forma parte de la colección y puede ser consultado según las políticas vigentes.       Biblioteca Centro de Estudios Ruth D. Lechuga Biblioteca Centro de Estudios Ruth D. Lechuga 27/09/2013 Au769   PT2617.E85 .H47 1952 (Au769) GRL00776 22/03/2019 22/03/2019 Libros